00341nam a22001217a 450000500170000002000250001703700140004210000150005624500450007126000330011627000410014930000290019020111212135955.0 a9788121937320c89.00 bS. Chand  aPipe, Jim  aLook and play racing cars /cby Jim Pipe aNew Delhi bS. Chand c2011 a7361, Ram Nagar bNew Delhi e110055 a24p. bill. c24cm(pbk)